Culture générale - QCM #2 - Statistiques

Statistiques générales
  • Ce quiz a été pris 515 fois
  • Le résultat moyen est 9 sur 15
Statistiques - réponses
Question Réponse % Correct
Quel ingrédient est essentiel pour faire lever une pâte à gâteau ? Levure
96%
Quelle couleur obtient on en mélangeant du bleu et du jaune ? Vert
94%
Qui a écrit L'Odyssée ? Homère
92%
Quelle est la capitale de l'Islande ? Reykjavik
92%
Qui est l’interprète de la chanson Shape of You sortie en 2017 ? Ed Sheeran
91%
En quelle année est tombé le mur de Berlin ? 1989
84%
Quel est le continent qui compte le plus grand nombre de pays ? Afrique
74%
Quel pays a remporté la première Coupe du Monde de football en 1930 ? Uruguay
67%
Quel écrivain a créé le personnage de Sherlock Holmes ? Arthur Conan Doyle
61%
Dans quel film n'a pas joué Matthew McConaughey ? Arrête-moi si tu peux
51%
Combien de Dofus primordiaux existe-t-il dans l'univers du jeu Dofus ? 6
34%
Quelles sont les années de production de la phase 1 de la Peugeot 207 ? 2006-2009
32%
Quelle entreprise est à l'origine de la série de jeux vidéo Half-Life ? Valve
31%
Le mot jasmin désigne les plantes dicotylédones appartenant à quel genre ? Jasminum
21%
Combien de fois Novak Djokovic a t'il remporté l'Open d'Australie ? 10
20%
Aucun quiz correspondant
Distribution des résultats
% des personnes avec chaque résultat
Percentile par nombre de réponses
Votre historique - résultats
Vous n’avez pas pris ce quiz